| 000 | 00933nam a2200217 4500 | ||
|---|---|---|---|
| 001 | 136244 | ||
| 003 | ES-MaACL | ||
| 005 | 20230906195053.0 | ||
| 007 | t| | ||
| 008 | 070214s1981 sp r ||||1| spa d | ||
| 100 | 1 |
_aRull Fernández, Enrique. _9100978 |
|
| 245 | 1 | 0 |
_aCalderón y Nördlingen _b: el auto `El primer blasón del Austria` de don Pedro Calderón de la Barca / _cestudio y edición de Enrique Rull y José Carlos de Torres. |
| 260 |
_aMadrid : _bConsejo Superior de Investigaciones Científicas, Instituto Miguel de Cervantes, _c1981. |
||
| 300 |
_aVIII, 204 p., 8 lám. ; _c26 cm. |
||
| 490 | 1 |
_aClásicos Hispánicos. Serie III. Ediciones históricas ; _v6 |
|
| 700 | 1 |
_aTorres, José Carlos de. _9110895 |
|
| 710 | 2 |
_aInstituto "Miguel de Cervantes" _95133 |
|
| 830 | 0 |
_aClásicos Hispánicos. Serie III. Ediciones históricas ; _v6 _9219988 |
|
| 852 |
_aES-MaACL _jL-1445 _bR.102047 |
||
| 999 |
_c136244 _d136244 |
||